tablice rejestracyjne woj. podkarpackiego - Statystyki

Ogólne statystyki
  • Ten quiz został rozwiązany 54 razy
  • Średni wynik to 19 z 25
Statystyki odpowiedzi
podpowiedzi odpowiedzi % Poprawnych
RZ Rzeszów
96%
RDE dębicki
89%
RK Krosno
89%
RT Tarnobrzeg
89%
RZE rzeszowski
87%
RMI mielecki
85%
RJA jarosławski
81%
RKR krośnieński
81%
RP Przemyśl
81%
RSA sanocki
79%
RTA tarnobrzeski
79%
RPR przemyski
77%
RBI bieszczadzki
74%
RST stalowowolski
74%
RLS leski
72%
RBR brzozowski
70%
RJS jasielski
70%
RKL kolbuszowski
70%
RLE leżajski
70%
RLU lubaczowski
66%
RLA łańcucki
64%
RPZ przeworski
64%
RNI niżański
57%
RRS ropczycko sędziszowski
55%
RSR strzyżowski
55%
Nie znaleziono quizów pasujących do podanych kryteriów
Rozkład punktacji
Procent ludzi z każdym wynikiem
Percentyl według liczby udzielonych odpowiedzi
Twoja historia wyników
Nie rozwiązałeś tego quizu